000 00702nam a22002297a 4500
003 UA-OsUOA
001 39730
007 ta
008 20080516b un ||||| |||| 00| 0 ukr d
090 _a082
_bС82
942 _cBK
040 _aUA-OsUOA
_bukr
_cUA-OsUOA
_dUA-OsUOA
245 _aСторінки воєнної історії України
_bЗаснований у 1997 р.
_cВип. 10
300 _a494 с.
955 _a4
041 _aukr
080 _a082
260 _aК.
_bІнститут історії України
_c2006
246 3 1 _aЗбірник наукових статей
_nЧаст. 1
650 7 _a08 Видання. Колективні праці
_2UDC
999 _c438239
_d438239